Papeles de los siglos XVII y XVIII ingresados en la Hemeroteca Municipal (Record no. 79019)
[ view plain ]
| 000 -LEADER | |
|---|---|
| campo de control de longitud fija | 00881nam a2200217 i 4500 |
| 001 - NÚMERO DE CONTROL | |
| campo de control | 79019 |
| 003 - IDENTIFICADOR DE NÚMERO DE CONTROL | |
| campo de control | ES-MaACL |
| 005 - FECHA Y HORA DE LA ÚLTIMA TRANSACCIÓN | |
| campo de control | 20230906173859.0 |
| 007 - CAMPO FIJO DE DESCRIPCIÓN FÍSICA--INFORMACIÓN GENERAL | |
| campo de control de longitud fija | t| |
| 008 - DATOS DE LONGITUD FIJA--INFORMACIÓN GENERAL | |
| campo de control de longitud fija | 041019s1944 sp c |||| | spa d |
| 110 2# - ENTRADA PRINCIPAL--NOMBRE DE ENTIDAD CORPORATIVA | |
| Nombre de entidad corporativa o nombre de jurisdicción como elemento de entrada | Hemeroteca Municipal de Madrid. |
| 9 (RLIN) | 4560 |
| 245 10 - MENCIÓN DEL TÍTULO | |
| Título | Papeles de los siglos XVII y XVIII ingresados en la Hemeroteca Municipal |
| Resto del título | : (1940-1943) / |
| Mención de responsabilidad, etc. | E.V.H. |
| 260 ## - PUBLICACIÓN, DISTRIBUCIÓN, ETC. | |
| Lugar de publicación, distribución, etc. | Madrid : |
| Nombre del editor, distribuidor, etc. | Sección de Cultura e Información, |
| Fecha de publicación, distribución, etc. | 1944 ( |
| Fabricante | Artes Gráf. Municipales) |
| 300 ## - DESCRIPCIÓN FÍSICA | |
| Extensión | 28 p. ; |
| Dimensiones | 24 cm. |
| 595 ## - | |
| -- | Tirada aparte de: Revista de la Biblioteca, Archivo y Museo, año 13, n. 49 (en. 1944) |
| 610 24 - PUNTO DE ACCESO ADICIONAL DE MATERIA--NOMBRE DE ENTIDAD CORPORATIVA | |
| Nombre de entidad corporativa o nombre de jurisdicción como elemento de entrada | Hemeroteca Municipal de Madrid- |
| Subdivisión de forma | Catálogos. |
| 9 (RLIN) | 4561 |
| 650 #4 - PUNTO DE ACCESO ADICIONAL DE MATERIA--TÉRMINO DE MATERIA | |
| Término de materia o nombre geográfico como elemento de entrada | Publicaciones periódicas- |
| Subdivisión geográfica | Hemeroteca Municipal de Madrid- |
| Subdivisión de forma | Catálogos. |
| 9 (RLIN) | 141345 |
| 700 1# - ENTRADA AGREGADA--NOMBRE PERSONAL | |
| Nombre de persona | Varela Hervías, Eulogio. |
| 9 (RLIN) | 113159 |
| 852 ## - LOCALIZACIÓN | |
| Ubicación | ES-MaACL |
| Número de control de estantería | 1844-F-14 |
| 852 ## - LOCALIZACIÓN | |
| Ubicación | ES-MaACL |
| Número de control de estantería | 1861-F-13 |
| Estatus retirado | Estado de pérdida | Estado de daño | No para préstamo | Colección | Biblioteca de origen | Biblioteca actual | Ubicación en estantería | Fecha de adquisición | Fuente de adquisición | Total de préstamos | Signatura topográfica completa | Código de barras | Visto por última vez | Precio de reemplazo | Tipo de ítem Koha |
|---|---|---|---|---|---|---|---|---|---|---|---|---|---|---|---|
| Colección de folletos | Biblioteca del Ateneo de Madrid | Biblioteca del Ateneo de Madrid | Depósito folletos | 17/01/2008 | 1861-F-13 | 1082639 | 23/02/2023 | 23/02/2023 | Folleto | ||||||
| Colección de folletos | Biblioteca del Ateneo de Madrid | Biblioteca del Ateneo de Madrid | Depósito folletos | 17/01/2008 | 1844-F-14 | 1082638 | 23/02/2023 | 23/02/2023 | Folleto |
